| 000 | 01992cam a2200445 i 4500 | ||
|---|---|---|---|
| 001 | 41231 | ||
| 003 | Mx-PuUPA | ||
| 005 | 20250411102025.0 | ||
| 008 | 140415s2010 sp gr 001 0 spa d | ||
| 017 | _aM-53574-2010 | ||
| 020 | _a9788497152174 | ||
| 040 |
_aMx-PuUPA _bspa _cMx-PuUPA _dMx-PuUPA _erda |
||
| 041 | 1 |
_aspa _hgrc |
|
| 100 | 0 |
_aClement, _cof Alexandria, Saint, _dapproximately 150-approximately 215 _916732 _eautor |
|
| 245 | 1 | 0 |
_aExtractos de Teódoto ; Ecoglas proféticas ; ¿Qué rico se salva? ; Fragmentos / _cClemente de Alejandría ; introducción, traducción y notas de Marcelo Merino Rodríguez |
| 250 |
_aBilingüe / _bpreparada por Marcelo Merino Rodríguez |
||
| 264 | 1 |
_aMadrid, España : _bEditorial Ciudad Nueva, _c©2010 |
|
| 300 |
_a464 páginas ; _c24 cm |
||
| 336 |
_2rdacontent _atexto _btxt |
||
| 337 |
_2rdamedia _asin medio _bn |
||
| 338 |
_2rdacarrier _avolumen _bnc |
||
| 490 | 0 |
_aFuentes patrísticas ; _v29 |
|
| 546 | _aTexto en griego antiguo y español. | ||
| 650 | 7 |
_2armarc _aTeología _xObras tempranas hasta 1800 _913986 |
|
| 650 | 7 |
_2armarc _aPadres del a Iglesia _ySiglos II - III |
|
| 650 | 7 |
_2armarc _aLiteratura cristiana primitiva |
|
| 700 | 1 |
_aMerino Rodríguez, Marcelo _etraductor _eautor de introducción _eautor de notas _eeditor |
|
| 700 | 0 | 2 |
_aClemente de Alejandría, _t’Εκ τὣν Θεοδότο ἐπιτομαί. _lEspañol |
| 700 | 0 | 2 |
_aClemente de Alejandría, _t’Εκ τὣν προφητικὣν ἐκλογαί. _lEspañol |
| 700 | 0 | 2 |
_aClemente de Alejandría, _tΤίς ὸ σωζόμενος πλοὑσιος. _lEspañol |
| 700 | 0 | 2 |
_aClemente de Alejandría, _tΦραγμέντα. _lEspañol |
| 740 | 0 | 2 | _aExtractos de Teódoto |
| 740 | 0 | 2 | _aÉclogas Proféticas |
| 740 | 0 | 2 | _a¿Qué rico de salva? |
| 740 | 0 | 2 | _aFragmentos |
| 942 |
_2ddc _cLI _h230.14 _iC62 |
||
| 999 |
_c41231 _d41231 |
||